| 000 | 00617nam a2200181Ia 4500 | ||
|---|---|---|---|
| 008 | 090201s9999 xx 000 0 und d | ||
| 010 | _aKPL-67832 | ||
| 040 | _bमराठी | ||
| 041 | _aमराठी | ||
| 082 |
_a45734 _b67832 |
||
| 100 | _a वाटवे मालती कृष्ण | ||
| 245 |
_aनामयाची अमृतवाणी _c वाटवे मालती कृष्ण |
||
| 250 | _a1 | ||
| 260 |
_c2005 _bमानसन्मान प्रकाशन |
||
| 300 |
_a144 _bमोठा |
||
| 600 | _aनामयाची अमृतवाणी | ||
| 942 | _cBOOK | ||
| 999 |
_c242628 _d242628 |
||